Akciové trhy, ich vývoj a nové trendy
Nové trendy vo vývoji akciových trhov, ktoré boli vyvolané rozvojom informačných technológií, konkurenciou medzi obchodníkmi s cennými papiermi a potrebami ich zákazníkov. Úloha internetu v obchodovaní s cennými papiermi prostredníctvom internetových brokerov. Požiadavky na systém na zúčtovanie a vy...
Enregistré dans:
| Auteur principal: | |
|---|---|
| Autres auteurs: | |
| Format: | Chapitre de livre |
| Langue: | slovaque |
| Sujets: | |
| Tags: |
Pas de tags, Soyez le premier à ajouter un tag!
|
MARC
| LEADER | 00000nla$a2200000$$$4500 | ||
|---|---|---|---|
| 001 | 0066586 | ||
| 005 | 20240502083159.1 | ||
| 041 | 0 | |a slo | |
| 044 | |a CZ | ||
| 245 | 1 | 0 | |a Akciové trhy, ich vývoj a nové trendy |c Peter Simonka, Zsolt Simonka |
| 520 | |a Nové trendy vo vývoji akciových trhov, ktoré boli vyvolané rozvojom informačných technológií, konkurenciou medzi obchodníkmi s cennými papiermi a potrebami ich zákazníkov. Úloha internetu v obchodovaní s cennými papiermi prostredníctvom internetových brokerov. Požiadavky na systém na zúčtovanie a vyrovnanie obchodov s cennými papiermi. Šírenie finančných informácií prostredníctvom internetu - informačný priemysel. Zmeny v krajinách Strednej a Východnej Európy. | ||
| 610 | 2 | 0 | |a trh finančný |
| 610 | 2 | 0 | |a burzy |
| 610 | 2 | 0 | |a papiere cenné |
| 610 | 2 | 0 | |a akcie |
| 610 | 2 | 0 | |a obchod |
| 610 | 2 | 0 | |a konkurencia |
| 610 | 2 | 0 | |a technológie informačné |
| 610 | 2 | 0 | |a technológie komunikačné |
| 610 | 2 | 0 | |a internet |
| 100 | 1 | |a Simonka, Peter | |
| 700 | 1 | |a Simonka, Zsolt, 1974- | |